After the storm : (Record no. 117668)
[ view plain ]
| 000 -LEADER | |
|---|---|
| fixed length control field | 00469nam a2200157Ia 4500 |
| 008 - FIXED-LENGTH DATA ELEMENTS--GENERAL INFORMATION | |
| fixed length control field | 140529s9999 xx 000 0 und d |
| 020 ## - INTERNATIONAL STANDARD BOOK NUMBER | |
| International Standard Book Number | 9789712724152 |
| 050 ## - LIBRARY OF CONGRESS CALL NUMBER | |
| Classification number | GB 5020 |
| Item number | .Af258 2010 |
| 245 ## - TITLE STATEMENT | |
| Title | After the storm : |
| Remainder of title | stories on Ondoy / |
| Statement of responsibility, etc | Elbert Or, editor |
| 260 ## - PUBLICATION, DISTRIBUTION, ETC. (IMPRINT) | |
| Place of publication, distribution, etc | Pasig City, Philippines : |
| Name of publisher, distributor, etc | Anvil Publishing, Inc., |
| Date of publication, distribution, etc | c2010. |
| 300 ## - PHYSICAL DESCRIPTION | |
| Extent | 128 p. : |
| Other physical details | ill. ; |
| Dimensions | 18 cm. |
| 521 ## - TARGET AUDIENCE NOTE | |
| Target audience note | |
| 650 ## - SUBJECT ADDED ENTRY--TOPICAL TERM | |
| Topical term or geographic name as entry element | Storms |
| General subdivision | Philippines. |
| 942 ## - ADDED ENTRY ELEMENTS (KOHA) | |
| Call number prefix | Local |
| Koha item type | Books |
| Withdrawn status | Lost status | Damaged status | Home library | Current library | Shelving location | Date acquired | Cost, normal purchase price | Total Checkouts | Full call number | Barcode | Date last seen | Price effective from | Koha item type |
|---|---|---|---|---|---|---|---|---|---|---|---|---|---|
| College Library | College Library | Filipiniana Section | 05/30/2014 | 175.00 | GB 5020 .Af258 2010 | C16955 | 05/08/2018 | 05/30/2014 | Books |